| 000 | 00496nam a2200181 a 4500 | ||
|---|---|---|---|
| 005 | 20140310183455.0 | ||
| 008 | 090807s19uu xx 00 eng d | ||
| 020 | _a0071138072 | ||
| 050 |
_aBF 78 _b.B43 1996 |
||
| 245 |
_aPre test : _bbehavioral sciences / _cEvan G. Pattishall Jr. |
||
| 250 | _a7th ed. | ||
| 260 |
_aBaltimore : _bWilliams and Wilkins, _c1996. |
||
| 300 |
_a387 p. : _c21 cm. |
||
| 521 | _aPSYCH | ||
| 650 | _aBehavioral Science. | ||
| 942 |
_cBK _2lcc _kFOR |
||
| 999 |
_c23592 _d23592 |
||